000
00346nam a22001217a 4500
040
_c
HS
082
_a
658
100
_a
VON MONIN
245
_a
Fund raising proposal and management គំរោងលើកសំណើថវិកា និងការគ្រប់គ្រង
260
_a
RUA
_b
VON MONIN
_c
2004
300
_a
54p;
942
_c
EK
999
_c
9654
_d
9654